00277pam a2200109 a 4500020000500000041000500005082000800010100001800018245007900036260004100115300001100156 c h bMAH aMahajan, V.S. aPolitical Economy Of Economic Reorms And LiberalisationhTextual Documents aNew DelhibDeep And Deep Publication a734/PB